000
00301 a2200145 4500
001
155717
040
_c
Escola São Tomás de Aquino
240
1
0
_a
Bíblia Sagrada
_l
por
245
1
0
_a
Bíblia Sagrada
300
_a
1464
362
0
_a
2005
440
1
_a
Paulinas
697
_a
Bíblia
942
_c
BK
999
_c
155717
_d
155717